Flat-rate standing charges (Record no. 118304)
[ view plain ]
| 000 -LEADER | |
|---|---|
| fixed length control field | 01177cam a2200229 4500 |
| 001 - CONTROL NUMBER | |
| control field | WB@3612-646 |
| 008 - FIXED-LENGTH DATA ELEMENTS--GENERAL INFORMATION | |
| fixed length control field | 041116n2004 000 0 eng u |
| 035 ## - SYSTEM CONTROL NUMBER | |
| System control number | (Sirsi) u127987 |
| 245 ## - TITLE STATEMENT | |
| Title | Flat-rate standing charges |
| 260 ## - PUBLICATION, DISTRIBUTION, ETC. | |
| Date of publication, distribution, etc. | 2004 |
| 490 ## - SERIES STATEMENT | |
| Series statement | Planning (for the Natural and Built Environment) |
| Volume/sequential designation | 12 November 2004, 4(1) |
| 520 ## - SUMMARY, ETC. | |
| Summary, etc. | Research into flat-rate standing charges carried out by GVA Grimley for the ODPM claims that developers could be bringing forward smaller sites if they are forced to provide affordable homes. Latest draft revisions to PPS3 propose that authorities should be able to insist on affordable housing on sites of 0.5ha. "Reforming planning obligations" advises that the charging rate should be set by authorities themselves. For full details and to access the report go to: http://www.odpm.gov.uk/stellent/groups/odpm_planni ng/documents/page/odpm_plan_605898.hcsp. |
| 590 ## - LOCAL NOTE (RLIN) | |
| Local note | WB |
| 590 ## - LOCAL NOTE (RLIN) | |
| Local note | WB |
| 650 ## - SUBJECT ADDED ENTRY--TOPICAL TERM | |
| Topical term or geographic name entry element | FLAT-RATE CHARGE |
| 650 ## - SUBJECT ADDED ENTRY--TOPICAL TERM | |
| Topical term or geographic name entry element | PLANNING AGREEMENTS |
| 650 ## - SUBJECT ADDED ENTRY--TOPICAL TERM | |
| Topical term or geographic name entry element | PLANNING-PRACTICE |
| 650 ## - SUBJECT ADDED ENTRY--TOPICAL TERM | |
| Topical term or geographic name entry element | Affordable housing |
| 9 (RLIN) | 6215 |
| 650 ## - SUBJECT ADDED ENTRY--TOPICAL TERM | |
| Topical term or geographic name entry element | PLANNING POLICY STATEMENT 3 |
| 690 ## - LOCAL SUBJECT ADDED ENTRY--TOPICAL TERM (OCLC, RLIN) | |
| Topical term or geographic name as entry element | PLANNING-PLANNING LAW |
| 942 ## - ADDED ENTRY ELEMENTS (KOHA) | |
| Suppress in OPAC | 0 |
| Withdrawn status | Lost status | Source of classification or shelving scheme | Damaged status | Not for loan | Home library | Current library | Shelving location | Date acquired | Total Checkouts | Full call number | Barcode | Date last seen | Copy number | Price effective from | Koha item type |
|---|---|---|---|---|---|---|---|---|---|---|---|---|---|---|---|
| Dewey Decimal Classification | London | London | News article | 16/11/2004 | WB4044-15 | 127987-1001 | 06/08/2019 | 1 | 06/08/2019 | News article |